Learning Resource and Development

Fish vaccines : (Record no. 30682)

MARC details
000 -LEADER
fixed length control field 02844nam a2200337 i 4500
003 - CONTROL NUMBER IDENTIFIER
control field CSPC
005 - DATE AND TIME OF LATEST TRANSACTION
control field 20251013112700.0
008 - FIXED-LENGTH DATA ELEMENTS--GENERAL INFORMATION
fixed length control field 251010s2023 flua b 001 0 eng d
020 ## - INTERNATIONAL STANDARD BOOK NUMBER
International Standard Book Number 9781032483412
040 ## - CATALOGING SOURCE
Language of cataloging eng
Transcribing agency CSPC
Original cataloging agency CSPC
Description conventions rda
050 #4 - LIBRARY OF CONGRESS CALL NUMBER
Classification number SH171
Item number .F576 2023
082 04 - DEWEY DECIMAL CLASSIFICATION NUMBER
Classification number 639.3
Item number F526
245 00 - TITLE STATEMENT
Title Fish vaccines :
Remainder of title health management for sustainable aquaculture /
Statement of responsibility, etc. edited by Preetham Elumalai, Kim Thompson, Sreeja Lakshmi.
250 ## - EDITION STATEMENT
Edition statement First edition.
264 #1 - PRODUCTION, PUBLICATION, DISTRIBUTION, MANUFACTURE, AND COPYRIGHT NOTICE
Place of production, publication, distribution, manufacture Boca Raton, Florida :
Name of producer, publisher, distributor, manufacturer CRC Press,
Date of production, publication, distribution, manufacture, or copyright notice 2023.
300 ## - PHYSICAL DESCRIPTION
Extent xx, 242 pages :
Other physical details illustrations :
Dimensions 26 cm.
336 ## - CONTENT TYPE
Source rdacontent
Content type term text
337 ## - MEDIA TYPE
Source rdamedia
Media type term unmediated
338 ## - CARRIER TYPE
Source rdacarrier
Carrier type term volume
504 ## - BIBLIOGRAPHY, ETC. NOTE
Bibliography, etc. note Includes bibliographical references and index.
505 0# - FORMATTED CONTENTS NOTE
Formatted contents note Section I. Vaccines in aquaculture: a preface -- Understanding vaccine development in aquaculture -- Antigens and immune responses in fishes: an overview -- Aquaculture: facing an array of pathogens -- Section II. Vaccination in fishes: types and methods -- Concepts and types of vaccines -- Antigen discovery -- Novel advancements in vaccine delivery and methods of vaccination -- Section III. Adjuvants in vaccination: an underpinning -- Pole of adjuvants in vaccination studies -- Development of mucosal adjutants for fish vaccination -- Section IV. Technological advancements and efficacy of fish vaccination -- Biotechnological approaches to vaccines -- Safety and efficacy of vaccines in aquaculture -- Mass vaccination in aquaculture: possibilities and limitations -- Section V. Vaccines in aquaculture: challenges and perspectives -- Fish vaccination: how close are the fish farmers? -- Development of fish vaccines: challenges and future perspectives -- Fish vaccine: from field to development.
520 ## - SUMMARY, ETC.
Summary, etc. "This book is a timely reference text that highlights the role of vaccination in the fast-growing aquaculture industry. It discusses topics such as vaccine formulation, vaccine delivery, and enhancing the immune response of fish using nanoparticles. Information related to vaccine safety, ethical approval, and regulations is also discussed, together with dissemination of vaccines to fish farms across the globe. This cutting-edge book presents novel strategies to meet the growing demand for vaccines in finfish aquaculture. This book is useful to students, academics, clinicians, and professionals in the field of fisheries sciences, aquaculture, and veterinary sciences."
650 #0 - SUBJECT ADDED ENTRY--TOPICAL TERM
Topical term or geographic name entry element Fishes
General subdivision Vaccination.
650 #0 - SUBJECT ADDED ENTRY--TOPICAL TERM
Topical term or geographic name entry element Nanoparticles
General subdivision Health aspects.
650 #0 - SUBJECT ADDED ENTRY--TOPICAL TERM
Topical term or geographic name entry element Fishes
General subdivision Health.
700 1# - ADDED ENTRY--PERSONAL NAME
Personal name Elumalai, Preetham,
Relator term editor.
700 1# - ADDED ENTRY--PERSONAL NAME
Personal name Thompson, Kim,
Relator term editor.
700 1# - ADDED ENTRY--PERSONAL NAME
Personal name Lakshmi, Sreeja,
Relator term editor.
942 ## - ADDED ENTRY ELEMENTS (KOHA)
Source of classification or shelving scheme Dewey Decimal Classification
Suppress in OPAC No
Koha item type Books
Classification part 639.3
Item part F526
Call number prefix CIR
Call number suffix 2023
Holdings
Withdrawn status Lost status Source of classification or shelving scheme Damaged status Not for loan Home library Current library Shelving location Date acquired Total Checkouts Full call number Barcode Date last seen Copy number Price effective from Koha item type
    Dewey Decimal Classification     Main Library Main Library Circulation Section 10/10/2025   CIR 639.3 F526 2023 030471 10/10/2025 1-1 10/10/2025 Books